000 00773nac a22002171u 4500
020 _a0333743113
082 _a621.3
_bW285
090 _c4250
_d4250
100 _aWarnes, Lionel A.
245 _aElectronic and electrical engineering:
_bPrinciples and practice /
_cLionel Warnes
250 _a2nd ed.
260 _aLondon:
_bMacmilan,1998
_c1998
300 _a601p.:
_bill.;
_c24 cm.
500 _aIncludes index.
650 _aElectric engineering
650 _aElectronics.
650 _aElectric engineering
_v Problems, exercises, etc.
650 _a Electronics
_v Problems, exercises, etc.
942 _cBB
_k621.3W285
999 _c4250
_d4250